00931nam a22002177a 4500003000900000008004100009020001800050040007100068082002400139110001100163245012300174260002900297300005300326505019700379650001800576650002300594650001800617650001700635700003200652700002900684AR-CdUCM190307b ||||| |||| 00| 0 spa d a9786124654947 aMUNICIPALIDAD PROVINCIAL DEL CUSCOcBIBLIOTECA MUNICIPAL DEL CUSCO a985.019 / R34bR34I aREGESA aInkas' History Cusco, Machupicchu, Choquequirao and Qhapaq Ñan :bQosqo, Machupijchu, Choqek'irao and Qhapaq Ñan / aPerú :bREGESA,c2016. a212 páginas ;bilustraciones en color,c22 cm. aContenido: El Qosqo pre inka -- Surgimiento del Estado Inka -- El imperio del Tawantinsuyo -- La cultura Inka -- Decadencia y fin del imperio -- Principales monumentos arquitectónicos inkas. aHistoria Inka aGuía turística aHistoria Inca aCusco Perú aÁlvarez Espinoza, Juvenal aOjeda Escalante, Roberto